Los alcances del reglamento y la obligatoriedad o no de su inscripción (Registro nro. 30811)
[ vista simple ]
| 000 -LEADER | |
|---|---|
| fixed length control field | 00368 a2200109 4500 |
| 001 - CONTROL NUMBER | |
| control field | ART_51563 |
| 005 - DATE AND TIME OF LATEST TRANSACTION | |
| control field | 20260410161956.0 |
| 008 - FIXED-LENGTH DATA ELEMENTS--GENERAL INFORMATION | |
| fixed length control field | 260409a |
| 100 1# - MAIN ENTRY--PERSONAL NAME | |
| Personal name | Marinelli, José Luis |
| 245 10 - TITLE STATEMENT | |
| Title | Los alcances del reglamento y la obligatoriedad o no de su inscripción |
| 773 0# - HOST ITEM ENTRY | |
| Title | Temas de derecho comercial |
| Related parts | - Año 6, N° 11 (nov. 2020) |
| Record control number | REV28151 |
No hay ítems disponibles.